Datum a čas kvízu
29.5
Celkem bodů
Celkový počet nahraných bodů na tomto kvízu bez doplňovacích otázek.
6.
Pořadí na kvízu
Konečné umístění týmu na tomto kvízu.
Zaznamenané odpovědi
| # | Otázka | Odpověď | Body | Výsledky |
|---|---|---|---|---|
| 1. | Ve věku 97 let nás opustil Jiř... | D) stenograf | 1 | |
| 2. | V pondělí začalo největší nábo... | v Indii | 0 | |
| 3. | Jedno české hudební vydavatels... | Supraphon, Sony (Music Entertainment) | 0.5 | |
| 4. | V úterý vzlétla do vesmíru pom... | A) TROLL | 0 | |
| 5. | V pondělí jsme se na sociálníc... | Adamczykovi | 1 | |
| 6. | Který legendární řemeslník pos... | Daidalos | 0 | |
| 7. | Labyrint je specializovaný org... | D | 0 | |
| 8. | Labyrinty jsou oblíbeným motiv... | Piet Mondrian | 0 | |
| 9. | Která kost lebky obsahuje kost... | kost spánková | 1 | |
| 10. | Jak se jmenuje kniha, která by... | Labyrint světa a ráj srdce | 1 |